[Event "IND-ch U12"]
[Site "Srinivasapura"]
[Date "2022.04.13"]
[Round "9"]
[White "Ayushman, Mohanty"]
[Black "Tanmay, Rajbongshi"]
[Result "0-1"]
[WhiteElo "1480"]
[BlackElo "1684"]
[PlyCount "120"]
[EventDate "2022.04.09"]
[EventType "swiss"]
[EventRounds "11"]
[EventCountry "IND"]
[SourceTitle "EXT 2023"]
[Source "ChessBase"]
[SourceDate "2022.10.05"]
[SourceVersion "1"]
[SourceVersionDate "2022.10.05"]
[SourceQuality "1"]

1. e4 c5 2. Nf3 Nc6 3. d4 cxd4 4. Nxd4 e5 5. Nb5 a6 6. Nd6+ Bxd6 7. Qxd6 Qf6 8. Qxf6 Nxf6 9. Nc3 d5 10. exd5 Nb4 11. Bd3 Nxd3+ 12. cxd3 b5 13. Bg5 b4 14. Bxf6 gxf6 15. Ne4 f5 16. Nd6+ Ke7 17. Nc4 f6 18. f4 Bb7 19. fxe5 fxe5 20. Nxe5 Bxd5 21. Kf2 Rhg8 22. Nf3 Rac8 23. Rhe1+ Kf6 24. Rec1 a5 25. g3 a4 26. Nd2 Rcd8 27. Rd1 f4 28. Nc4 Kf5 29. Rac1 fxg3+ 30. hxg3 Rdf8 31. Rg1 Kg5+ 32. Ke3 Rf3+ 33. Kd2 Rd8 34. Ne5 Rf2+ 35. Ke3 Rxb2 36. Rb1 Rxb1 37. Rxb1 Rb8 38. Nc4 Kg4 39. Kd4 Bg8 40. Ne5+ Kh3 41. Nc6 Bxa2 42. Rxb4 Rxb4+ 43. Nxb4 Bb3 44. Ke5 Kxg3 45. d4 h5 46. d5 Bxd5 47. Kxd5 h4 48. Kd4 h3 49. Nc2 h2 50. Ne3 h1Q 51. Nc2 a3 52. Kc3 a2 53. Kb2 Qb1+ 54. Kc3 Qxc2+ 55. Kxc2 a1Q 56. Kd3 Qa4 57. Ke3 Qc4 58. Kd2 Kf3 59. Kd1 Ke3 60. Ke1 Qc1# 0-1